Casework, a competency-based approach

Bibliographic Details
Main Author: Gambrill, Eileen O. (Author)
Format: Book
Published: Englewood Cliffs, NJ : Prentice-Hall , c1983
Subjects:

MARC

LEADER 00000cam a2200000 7i4500
001 0000007027
005 20070618093000.0
008 021119s1983
020 |a 0131194461 
090 0 0 |a HV43   |b .G28 1983 
100 0 |a Gambrill, Eileen O. ,   |e author 
245 0 0 |a Casework, a competency-based approach   |c Eileen O. Gambrill 
260 2 |a Englewood Cliffs, NJ :   |b Prentice-Hall ,   |c c1983 
300 |a xiii, 448 p. ; ;   |c 24 cm. 
504 |a Includes bibliography (p. 406-428) and index 
650 0 |a Social case work 
999 |a 1000027445   |b Book   |c OPEN SHELF (30 DAYS)   |e Gong Badak Campus